|
|
|
|
| LEADER |
00000cam a2200000 7i4500 |
| 001 |
0000077843 |
| 005 |
20220105104301.0 |
| 008 |
180116 |
| 020 |
|
|
|a 9789835700538
|
| 020 |
|
|
|a 9835700532
|
| 090 |
0 |
0 |
|a JP
|b MAL
|
| 245 |
0 |
0 |
|a Anak burung hantu
|c Penyusun oleh Comel
|
| 260 |
|
|
|a Kuala Lumpur :
|b Penerbitan Gema Insan ,
|c 1999
|
| 440 |
|
0 |
|a Siri kanak-kanak harmoni
|
| 500 |
|
|
|a Children age 4-6 years old (yellow)
|
| 650 |
|
0 |
|a Junior preschool
|x Malay
|x Languages
|
| 650 |
|
0 |
|a Malay fiction
|
| 999 |
|
|
|a 0000766787
|b Book
|c Children Collection
|e Cawangan Bandar Penawar
|
| 999 |
|
|
|a 0000766790
|b Book
|c Children Collection
|e Cawangan Bandar Penawar
|
| 999 |
|
|
|a 0000773211
|b Book
|c Children Collection
|e Cawangan Pontian
|
| 999 |
|
|
|a 0000786773
|b Book
|c Children Collection
|e Cawangan Segamat
|
| 999 |
|
|
|a 0000786774
|b Book
|c Children Collection
|e Cawangan Segamat
|